| 000 | 02027naa a2200313Ia 4500 | ||
|---|---|---|---|
| 003 | OSt | ||
| 005 | 20260413095819.0 | ||
| 008 | 260413s2013 xx 000 0 und d | ||
| 040 |
_aFoundation University _beng _cFoundation University _erda |
||
| 050 |
_aCoA (AnSci-Th) LG 221 D35 A37 _bA5 A38 2006 D35 |
||
| 099 | _a1036 | ||
| 100 |
_aDaligdig, Erra D. _91996 _eauthor |
||
| 245 | 1 | 0 |
_a Growth performance of broiler quails supplemented with aloe vera (Aloe barbadensis Miller) extract in drinking water / _cby Erra D. Daligdig |
| 264 |
_aDumaguete City _bFoundation Uiniversity, _c2006. _42006. |
||
| 300 |
_axi, 32 leaves : _3volume _bill. (col.) ; _c28 cm. _fresource |
||
| 336 |
_2rdacontent _atext _btxt |
||
| 337 |
_2rdamedia _aunmediated _bn |
||
| 338 |
_3rdacarrier _avolume _bnc |
||
| 500 | _aA study on the effects of medicinal plant extracts on broiler performance. | ||
| 502 | _aUndergraduate Field practice (Bachelor of Science in Agriculture Major in Animal Science) -- Foundation University, 2006. | ||
| 504 | _aIncludes bibliographical references appendices | ||
| 520 | _aThis study evaluates the growth performance of broiler quails supplemented with aloe vera (Aloe barbadensis Miller) extract in drinking water. It examines the effects of different levels of aloe vera supplementation on growth rate, feed intake, feed conversion efficiency, and overall health of the quails. The research aims to determine the potential of aloe vera as a natural growth enhancer and health promoter in quail production. The findings contribute to the development of sustainable and cost-effective feeding strategies in poultry production. | ||
| 650 |
_aQuail _915500 _xFeeding and feeds. |
||
| 650 |
_aAloe vera. _915476 |
||
| 650 |
_a Poultry _xNutrition. _914407 |
||
| 650 |
_aAnimal production. _914406 |
||
| 658 |
_aField Practice : _bAgriculture Major in Animal Science, Bachelor of Science in ; _cASC 48A. |
||
| 942 |
_2lcc _cTH _hLG 221 D35 A37 _iA5 A38 2006 D35 _kCoA (AnSci-Th) |
||
| 999 |
_c5733 _d5733 |
||